000 00209 a2200097 4500
001 6477
100 _aBenham, P P
245 _aElementary Mechanics of solids
260 _a
_bpergamon
_c
090 _c5335
_d5335
942 _aNUST-CAE
_cM
_c31751
999 _c241550
_d241550